| 000 | 01969nam a2200421 a 4500 | ||
|---|---|---|---|
| 001 | ebr10053558 | ||
| 003 | CaPaEBR | ||
| 006 | m u | ||
| 007 | cr cn||||||||| | ||
| 008 | 011030s2002 caua sb s001 0 eng | ||
| 010 | _z 2001006510 | ||
| 015 | _aGBA2-X9606 | ||
| 020 | _z0520227425 (alk. paper) | ||
| 020 | _z0520227433 (pbk. : alk. paper) | ||
| 040 |
_aCaPaEBR _cCaPaEBR |
||
| 035 | _a(OCoLC)614736644 | ||
| 050 | 1 | 4 |
_aF869.L89 _bJ338 2002eb |
| 082 | 0 | 4 |
_a979.4/94004956 _221 |
| 100 | 1 |
_aKurashige, Lon, _d1964- |
|
| 245 | 1 | 0 |
_aJapanese American celebration and conflict _h[electronic resource] : _ba history of ethnic identity and festival, 1934-1990 / _cLon Kurashige. |
| 260 |
_aBerkeley : _bUniversity of California Press, _cc2002. |
||
| 300 |
_axxii, 274 p. : _bill. |
||
| 490 | 1 |
_aAmerican crossroads ; _v8 |
|
| 504 | _aIncludes bibliographical references (p. 247-263) and index. | ||
| 533 |
_aElectronic reproduction. _bPalo Alto, Calif. : _cebrary, _d2013. _nAvailable via World Wide Web. _nAccess may be limited to ebrary affiliated libraries. |
||
| 650 | 0 |
_aJapanese Americans _zCalifornia _zLos Angeles _xSocial life and customs _y20th century. |
|
| 650 | 0 |
_aJapanese Americans _zCalifornia _zLos Angeles _xSocial conditions _y20th century. |
|
| 650 | 0 |
_aJapanese Americans _xEthnic identity _zCalifornia _zLos Angeles. |
|
| 650 | 0 |
_aEthnic festivals _zCalifornia _zLos Angeles _xHistory _y20th century. |
|
| 650 | 0 |
_aCitizens' associations _zCalifornia _zLos Angeles _xHistory _y20th century. |
|
| 651 | 0 |
_aLos Angeles (Calif.) _xEthnic relations. |
|
| 651 | 0 |
_aLos Angeles (Calif.) _xSocial life and customs _y20th century. |
|
| 651 | 0 |
_aLos Angeles (Calif.) _xSocial conditions _y20th century. |
|
| 655 | 7 |
_aElectronic books. _2local |
|
| 710 | 2 | _aebrary, Inc. | |
| 830 | 0 |
_aAmerican crossroads ; _v8. |
|
| 856 | 4 | 0 |
_uhttp://site.ebrary.com/lib/rucke/Doc?id=10053558 _zAn electronic book accessible through the World Wide Web; click to view |
| 999 |
_c65732 _d65732 |
||